Catálogo

Vista normal Vista MARC

Entrada Personal Name

Número de registros utilizados en: 2

001 - CONTROL NUMBER

  • control field: 9685

003 - CONTROL NUMBER IDENTIFIER

  • control field: DLC

005 - DATE AND TIME OF LATEST TRANSACTION

  • control field: 20210513123158.0

008 - FIXED-LENGTH DATA ELEMENTS

  • fixed length control field: 101021n| acannaabn |a aaa c

010 ## - LIBRARY OF CONGRESS CONTROL NUMBER

  • LC control number: no2010171585

035 ## - SYSTEM CONTROL NUMBER

  • System control number: (OCoLC)oca08663878

040 ## - CATALOGING SOURCE

  • Original cataloging agency: MX-SnUAN
  • Language of cataloging: spa
  • Transcribing agency: Mx-PuUPA
  • Modifying agency: Mx-PuUPA
  • Description conventions: rda

100 1# - HEADING--PERSONAL NAME

  • Personal name: Graue Russek, Ana Luisa,

372 ## - FIELD OF ACTIVITY

  • Field of activity: Economía

374 ## - OCCUPATION

  • Occupation: Autor

375 ## - GENDER

  • Gender: mujer

377 ## - ASSOCIATED LANGUAGE

  • Language code: spa

400 1# - SEE FROM TRACING--PERSONAL NAME

  • Personal name: Russek, Ana Luisa Graue

670 ## - SOURCE DATA FOUND

  • Source citation: Microeconomía, c2006:
  • Information found: t.p. (Ana Luisa Graue Russek)

670 ## - SOURCE DATA FOUND

  • Source citation: Introduccion a la economía, c 2014
  • Information found: portada ( Ana Luisa Graue Russek)

670 ## - SOURCE DATA FOUND

  • Source citation: Biblioteca del congreso (Estados Unidos), 25 julio 2019:
  • Information found: catálogo electrónico
  • Uniform Resource Identifier: https://bit.ly/3uMf5IO